| 000 | 01477nam a22004097a 4500 | ||
|---|---|---|---|
| 001 | BRCA_9250 | ||
| 003 | FranzMayer | ||
| 005 | 20230717135631.0 | ||
| 008 | 230712b |||||||| |||| 00| 0 eng d | ||
| 020 | _a978607305993 | ||
| 040 |
_aMFM _besp _cMFM |
||
| 041 | _asp | ||
| 050 | 0 |
_aNK.1396.A76 _bU53 2022 |
|
| 110 | 1 |
_aUNAM _bMUAC _928661 |
|
| 240 |
_aUna modernidad hecha a mano _hDiseño artesanal en México 1952-2022 _lspa |
||
| 245 | 0 |
_aUna modernidad hecha a mano _bDiseño artesanal en México 1952-2022 |
|
| 260 |
_aCDMX, México _bUNAM _c2022 |
||
| 300 |
_a88 p _bilustraciones _c22 cm |
||
| 500 | _aL60/N5 | ||
| 505 | 0 | _aDestinado a: Artistas, diseñadores, historiadores, investigadores, museógrafos Texto en: español | |
| 610 | 1 |
_aUNAM _bMUAC _928662 |
|
| 650 | 1 |
_2Artes decorativas _aMéxico _vHistoria _928834 |
|
| 651 | 1 |
_2Arte-México _aMéxico _y1952-2022 _928663 |
|
| 700 | 1 |
_4Ed. _aLópez García, Vanessa _928664 |
|
| 700 | 1 |
_4Coor. Ed _aVillaseñor Villareal, Javier _928665 |
|
| 700 | 1 |
_4Coor. Ed. _aMújica, Yerem _928666 |
|
| 700 | 1 |
_4Cor. _aIvette Aguilar, Daniela _928667 |
|
| 700 | 1 |
_4Fot. _aBracho, José _928668 |
|
| 700 | 1 |
_4Fot. _aKochen, Francisco _928669 |
|
| 700 | 1 |
_4Fot. _aLandal, Gerardo _928670 |
|
| 700 | 1 |
_4Fot. _aMaya, Agustín _928671 |
|
| 700 | 1 |
_4Fot. _aSalas Portugal, Armando _928672 |
|
| 700 | 1 |
_4Fot _aSchwalkwijk, Bob _928673 |
|
| 700 | 1 |
_4Dis _aPaoli, Christina _928674 |
|
| 710 | 1 |
_aUNAM _bMUAC _928661 |
|
| 942 |
_2lcc _cB |
||
| 999 |
_c10869 _d10869 |
||